书目信息 |
| 题名: |
新编美学教程
|
|
| 作者: | 司有仑 主编 | |
| 分册: | ||
| 出版信息: | 北京 中国人民大学出版社 1993.06 |
|
| 页数: | 460页 | |
| 开本: | 32开 | |
| 丛书名: | ||
| 单 册: | ||
| 中图分类: | B83 | |
| 科图分类: | ||
| 主题词: | 美学 | |
| 电子资源: | ||
| ISBN: | 7-300-01485-2 | |
| 000 | 00517nam0 2200193 45 | |
| 001 | 9911030953 | |
| 005 | 20081020164543.60 | |
| 010 | @a7-300-01485-2@d20.00元 | |
| 100 | @a19991103d1993 km y0chiy0120 ea | |
| 101 | @achi | |
| 200 | 1 | @a新编美学教程@AXin Bian Mei Xue Jiao Cheng@f司有仑主编@FSi You Lun Zhu Bian |
| 210 | @a北京@c中国人民大学出版社@d1993.06 | |
| 215 | @a460页@d32开 | |
| 606 | 0 | @a美学 |
| 690 | @aB83 | |
| 690 | @v3 | |
| 701 | @a司有仑@4主编 | |
| 801 | @aCN@c20081020 | |
| 905 | @f3@b42184-186@dB83@eS491 | |
| 新编美学教程/司有仑主编.-北京:中国人民大学出版社,1993.06 |
| 460页;32开 |
| ISBN 7-300-01485-2:20.00元 |
| ● |
| 相关链接 |
|
|
|
正题名:新编美学教程
索取号:B83/S491
 
预约/预借
| 序号 | 登录号 | 条形码 | 馆藏地/架位号 | 状态 | 备注 |
| 1 | 42184 | 200421846 | 数理学院资料室/ [索取号:B83/S491] | 在馆 | |
| 2 | 42185 | 200421855 | 社科库509/509社科库 32排3列4层/ [索取号:B83/S491] | 在馆 | |
| 3 | 455479 | 204554794 | 社科库509/422社科库 45排4列5层/ [索取号:B83/S491] | 在馆 | |
| 4 | 455480 | 204554801 | 社科库509/422社科库 45排4列5层/ [索取号:B83/S491] | 在馆 | |
| 5 | 455481 | 204554810 | 社科库509/422社科库 45排4列5层/ [索取号:B83/S491] | 在馆 | |
| 6 | 455482 | 204554829 | 社科库509/509社科库 32排4列2层/ [索取号:B83/S491] | 在馆 | |
| 7 | 455483 | 204554838 | 社科库509/422社科库 45排4列5层/ [索取号:B83/S491] | 在馆 | |
| 8 | 455484 | 204554847 | 社科库509/422社科库 45排4列5层/ [索取号:B83/S491] | 在馆 | |
| 9 | 455485 | 204554856 | 社科库509/422社科库 45排4列5层/ [索取号:B83/S491] | 在馆 | |
| 10 | 455486 | 204554865 | 社科库509/422社科库 45排4列5层/ [索取号:B83/S491] | 在馆 | |
| 11 | 455977 | 204559771 | 社科库509/422社科库 45排4列5层/ [索取号:B83/S491] | 在馆 | |
| 12 | 455978 | 204559780 | 社科库509/509社科库 32排4列2层/ [索取号:B83/S491] | 在馆 | |
| 13 | 455979 | 204559799 | 社科库509/422社科库 45排4列5层/ [索取号:B83/S491] | 在馆 | |
| 14 | 455980 | 204559806 | 社科库509/422社科库 45排4列5层/ [索取号:B83/S491] | 在馆 | |
| 15 | 455981 | 204559815 | 社科库509/422社科库 45排4列5层/ [索取号:B83/S491] | 在馆 | |
| 16 | 455982 | 204559824 | 社科库509/422社科库 45排4列5层/ [索取号:B83/S491] | 在馆 | |
| 17 | 455983 | 204559833 | 社科库509/422社科库 45排4列5层/ [索取号:B83/S491] | 在馆 | |
| 18 | 455984 | 204559842 | 社科库509/422社科库 45排4列5层/ [索取号:B83/S491] | 在馆 | |
| 19 | 455985 | 204559851 | 社科库509/422社科库 45排4列5层/ [索取号:B83/S491] | 在馆 | |
| 20 | 455986 | 204559860 | 社科库509/509社科库 32排4列2层/ [索取号:B83/S491] | 在馆 | |
| 21 | 455987 | 204559879 | 社科库509/509社科库 32排4列2层/ [索取号:B83/S491] | 在馆 | |
| 22 | 455988 | 204559888 | 社科库509/509社科库 32排4列2层/ [索取号:B83/S491] | 在馆 | |
| 23 | 455989 | 204559897 | 社科库509/509社科库 32排4列2层/ [索取号:B83/S491] | 在馆 | |
| 24 | 455990 | 204559904 | 社科库509/422社科库 45排4列5层/ [索取号:B83/S491] | 在馆 | |
| 25 | 455991 | 204559913 | 社科库509/422社科库 45排4列5层/ [索取号:B83/S491] | 在馆 | |
| 26 | 455992 | 204559922 | 社科库509/422社科库 45排4列5层/ [索取号:B83/S491] | 在馆 | |
| 27 | 455993 | 204559931 | 社科库509/422社科库 45排4列5层/ [索取号:B83/S491] | 在馆 | |
| 28 | 455994 | 204559940 | 社科库509/422社科库 45排4列5层/ [索取号:B83/S491] | 在馆 | |
| 29 | 455995 | 204559959 | 社科库509/422社科库 45排4列5层/ [索取号:B83/S491] | 在馆 | |
| 30 | 455996 | 204559968 | 社科库509/422社科库 45排4列5层/ [索取号:B83/S491] | 在馆 | |
| 31 | 455997 | 204559977 | 社科库509/422社科库 45排4列5层/ [索取号:B83/S491] | 在馆 | |
| 32 | 455998 | 204559986 | 社科库509/422社科库 45排4列5层/ [索取号:B83/S491] | 在馆 |